000 00737nam a22002657a 4500
008 130611b xxu||||| |||| 00| 0 eng d
020 _a81-7754-169-2
024 _cAvailable
037 _cAvailable
040 _aMBSTU LIBRARY
_dMBSTU LIBRARY
082 _222
_a574.5 PUE
100 _aPuronit , S.S.
110 _aRajiv Ranjan.
245 _aEcology, environment and pollution.
260 _aIndiia
_bAgrobios.
_c2007
300 _a25 cm.
_b1023 page
_f5
_g25 cm.
600 _2Ecology.2. Pollution.
650 _2Ecology.2. Pollution.
700 _aPuronit , S.S.
710 _aRajiv Ranjan.
270 _aIndia
_bIndia
_dIndia
365 _b2351.00
_d2351.00
942 _2ddc
_cBK
999 _c456
_d456